| 000 | 00808nam a22002777a 4500 | ||
|---|---|---|---|
| 003 | OSt | ||
| 005 | 20260601171014.0 | ||
| 008 | 260506b1963\\\\xxua||||\||||\00|\0\eng\d | ||
| 040 |
_aICI _bspa _cICI |
||
| 041 | _aeng | ||
| 050 |
_aTH7850 _bS37 1963 |
||
| 100 |
_aSchram, Joseph F. _eautor _933709 |
||
| 245 |
_aModern bathrooms / _cJoseph F. Schram. |
||
| 260 |
_aNew York : _bReinhold Publishing Corporation, _c1963 |
||
| 300 | _a79 páginas: | ||
| 336 |
_2rdacontent _atexto |
||
| 337 |
_2rdamedia _asin medio |
||
| 338 |
_2rdacarrier _avolumen |
||
| 502 | _aIncluye índice | ||
| 650 |
_aBaños _xDiseño y construcción |
||
| 650 |
_aInstalaciones sanitarias _933711 |
||
| 650 |
_aCuartos de baño _xDiseño _93278 |
||
| 650 | _aPlomería | ||
| 650 | _aArquitectura doméstica | ||
| 942 |
_2lcc _cB _n1 |
||
| 999 |
_c20641 _d20641 |
||